000 02505nam0a2200349 4500
001 RU\NLR\bibl\817735
005 20260405075316.0
021 _aRU
_b2005-29234
_91460
035 _a(NLR Aleph) 000806663
090 _a1215101
_c1215101
100 _a20050711d2004 |||y0rusy50 ca
101 0 _arus
102 _aRU
105 _ay |||||||||
200 1 _aТехнология лесопильно-деревообрабатывающих производств
_eсоставление спецификационных поставов и технологический расчет лесопильных потоков
_e[справочник по выполнению расчетно-графических работ, курсового и дипломного проектирования студентами специальностей 260200 и 170400 всех форм обучения]
_fВ.А. Корниенко, С.В. Трапезников
_g[Федер. агентство по образованию, ГОУ ВПО "Сиб. гос. технол. ун-т"]
210 _aКрасноярск
_cСибГТУ
_d2004
215 _a92 с.
_d21
313 _aРаскрой пиломатериалов и распиловка на лесопильных рамах
320 _aБиблиогр.: с. 90-91 (20 назв.)
606 1 _aПиломатериалы
_jРуководства, пособия и т.п. для высшей школы
_xРаскрой
_92291914
_3RU\NLR\auth\661372589
606 1 _aПиломатериалы
_jУчебные издания для высших учебных заведений
_xРаскрой
_92291914
_3RU\NLR\auth\661372589
606 1 _aДревесина
_jУчебные издания для высших учебных заведений
_xРаспиловка рамными пилами
_91020542
_3RU\NLR\auth\66389926
606 1 _aДревесина
_jРуководства, пособия и т.п. для высшей школы
_xРаспиловка рамными пилами
_91020542
_3RU\NLR\auth\66389926
686 _aМ132.02я73-1
700 1 _4070
_8rus
_7ca
_aКорниенко
_bВ. А.
_gВладимир Антонович
_3RU\NLR\auth\7726877
_99915
701 1 _4070
_8rus
_7ca
_aТрапезников
_bС. В.
_gСергей Владимирович
_3RU\NLR\auth\7726881
_99919
801 0 _aRU
_bNLR
_c20050711
_gPSBO
801 1 _aRU
_bNLR
_c20050711
942 _cBOOK
980 _aNB
980 _aNBR